000 00476cam a22002051 4500
001 sa 68009804
003 DLC
005 20260227112546.0
008 900213s1968 ii 000 0 beno
010 _asa 68009804
035 _a(OCoLC)21058126
040 _aDLC
_cWaU
_dDLC
042 _apremarc
050 0 0 _aPK1718.I43
_bS2
100 1 _aImam, Ibane.
245 1 0 _aSarāikhānāra yātrī.
260 _c[1968]
300 _a327 p.
_c22 cm.
500 _aIn Bengali.
999 _c83152
_d83152